[Event "36th World U20 ch"]
[Site "Zagan POL"]
[Date "1997.07.20"]
[Round "7"]
[White "De Wachter, Matthias"]
[Black "Guthrie, David"]
[Result "1-0"]
[WhiteElo "2175"]
[BlackElo "2140"]
[EventDate "1997.07.14"]
[PlyCount "63"]

1.e4 c5 2.Nc3 d6 3.f4 Nc6 4.Nf3 g6 5.Bc4 Bg7 6.O-O e6 7.d3 Nge7 8.Qe1 h6 
9.Bb3 a6 10.Be3 Nd4 11.Bxd4 cxd4 12.Ne2 e5 13.Qg3 f6 14.fxe5 dxe5 15.Nxe5 
fxe5 16.Rf7 Rh7 17.Raf1 Qd6 18.Qf3 Nc6 19.Rxb7 Bxb7 20.Qf7+ Kd8 21.Qg8+ 
Bf8 22.Rxf8+ Qxf8 23.Qxf8+ Kc7 24.Qf6 h5 25.Qxg6 Rah8 26.Ng3 Rh6 27.Qg7+ 
Kb6 28.Bg8 h4 29.Nf5 Rh5 30.Bd5 R5h7 31.Qf6 Re8 32.Nd6 1-0

[Event "36th World U20 ch"]
[Site "Zagan POL"]
[Date "1997.07.22"]
[Round "8"]
[White "Shaked, Tal"]
[Black "Gyimesi, Zoltan"]
[Result "1-0"]
[WhiteElo "2500"]
[BlackElo "2525"]
[EventDate "1997.07.14"]
[PlyCount "103"]

1.d4 Nf6 2.c4 e6 3.Nc3 Bb4 4.e3 b6 5.Ne2 c5 6.a3 Ba5 7.Rb1 Na6 8.Qa4 Bb7 
9.Bd2 Bc6 10.Qc2 O-O 11.Ng3 Qc8 12.d5 Bb7 13.e4 Ne8 14.Bd3 f5 15.O-O f4 
16.e5 g6 17.Bxg6 hxg6 18.Qxg6+ Kh8 19.Qh6+ Kg8 20.Qg6+ Kh8 21.Nce4 Qd8 22.
Qh6+ Kg8 23.Bxf4 Qe7 24.b4 cxb4 25.Nh5 Nc5 26.Nef6+ Nxf6 27.Nxf6+ Rxf6 28.
exf6 Qh7 29.axb4 exd5 30.bxa5 dxc4 31.f7+ Qxf7 32.Be5 Qh7 33.Qxh7+ Kxh7 
34.axb6 a5 35.Bd4 Nb3 36.Bc3 a4 37.Rfe1 Bc6 38.Re7+ Kg8 39.Rg7+ Kf8 40.Rh7
a3 41.Rh8+ Kf7 42.Rxa8 Bxa8 43.f3 Ke6 44.Re1+ Kf7 45.Kf2 d5 46.Ke3 a2 47.
Ra1 Nxa1 48.Bxa1 Ke6 49.h4 Bc6 50.h5 Kf5 51.g4+ Kg5 52.f4+ 1-0

[Event "36th World U20 ch"]
[Site "Zagan POL"]
[Date "1997.07.22"]
[Round "8"]
[White "Baklan, Volodymyr"]
[Black "Rowson, Jonathan"]
[Result "1-0"]
[WhiteElo "2570"]
[BlackElo "2490"]
[EventDate "1997.07.14"]
[PlyCount "103"]

1.e4 c5 2.Nf3 d6 3.d4 Nf6 4.Nc3 cxd4 5.Nxd4 a6 6.Be2 e5 7.Nb3 Be7 8.O-O 
O-O 9.Be3 Be6 10.a4 Nbd7 11.a5 Rc8 12.Qd2 Re8 13.Rfc1 h6 14.Ra4 Bf8 15.Nd5
Nxd5 16.exd5 Bf5 17.Rb4 Rc7 18.Bd3 Qf6 19.f3 Rec8 20.c3 Qg6 21.Bxf5 Qxf5 
22.Qc2 Qxc2 23.Rxc2 f5 24.Rd2 Nf6 25.h3 f4 26.Bf2 Kh7 27.Rd3 g5 28.Nd2 Kg6
29.Kf1 Be7 30.c4 Bd8 31.Bb6 Re7 32.Rdb3 Bc7 33.Bxc7 Rcxc7 34.Rb6 Red7 35.
Ke2 Kh5 36.Rd3 Kh4 37.b4 Nh5 38.Kf2 Ng3 39.c5 g4 40.Rxd6 Rxd6 41.cxd6 Rc8 
42.d7 Rd8 43.hxg4 Rxd7 44.d6 Kg5 45.Nc4 Kf6 46.Nb6 Rd8 47.d7 h5 48.Rd6+ 
Ke7 49.Nc8+ Kf7 50.g5 h4 51.Rf6+ Kg7 52.Nb6 1-0

[Event "36th World U20 ch"]
[Site "Zagan POL"]
[Date "1997.07.22"]
[Round "8"]
[White "Antoniewski, Rafal"]
[Black "Kempinski, Robert"]
[Result "1-0"]
[WhiteElo "2405"]
[BlackElo "2530"]
[EventDate "1997.07.14"]
[PlyCount "51"]

1.e4 c5 2.Nf3 d6 3.d4 cxd4 4.Nxd4 Nf6 5.Nc3 a6 6.Be2 e6 7.Be3 Qc7 8.Qd2 b5
9.f3 Nbd7 10.a3 Bb7 11.g4 h6 12.O-O-O d5 13.exd5 Nxd5 14.Nxd5 Bxd5 15.Rhe1
Qb7 16.Kb1 Nb6 17.Nf5 O-O-O 18.Qc3+ Kb8 19.Qa5 exf5 20.Bxb6 Rd7 21.c4 Bc6 
22.cxb5 axb5 23.Rxd7 Bxd7 24.Bxb5 fxg4 25.Bxd7 Qxd7 26.Re8+ 1-0

[Event "36th World U20 ch"]
[Site "Zagan POL"]
[Date "1997.07.22"]
[Round "8"]
[White "Ivanisevic, Ivan"]
[Black "Vesterbak Pedersen, Nicolai"]
[Result "1-0"]
[WhiteElo "2540"]
[BlackElo "2300"]
[EventDate "1997.07.14"]
[PlyCount "52"]

1.d4 d5 2.c4 c6 3.Nf3 Nf6 4.Nc3 e6 5.Bg5 dxc4 6.e4 b5 7.e5 h6 8.Bh4 g5 9.
exf6 gxh4 10.Ne5 Qxf6 11.Be2 h3 12.Bh5 hxg2 13.Rg1 Rh7 14.Bf3 Bb7 15.Nxb5 
Bb4+ 16.Ke2 Qe7 17.Rxg2 Kf8 18.Qc2 Rh8 19.Qe4 Nd7 20.Qg4 Ke8 21.Bxc6 Bxc6 
22.Nxc6 Nf6 23.Qf3 Qb7 24.Nxb4 Qxb5 25.Qxa8+ Ke7 26.Qxa7+ Nd7 1-0

[Event "36th World U20 ch"]
[Site "Zagan POL"]
[Date "1997.07.22"]
[Round "8"]
[White "Mirumian, Vigen"]
[Black "Balogh, Tomas"]
[Result "1/2-1/2"]
[WhiteElo "2490"]
[BlackElo "2390"]
[EventDate "1997.07.14"]
[PlyCount "69"]

1.d4 Nf6 2.c4 g6 3.Nc3 Bg7 4.e4 d6 5.Be2 O-O 6.Bg5 Na6 7.Qd2 e5 8.d5 Nc5 
9.f3 a5 10.h4 c6 11.g4 cxd5 12.cxd5 Bd7 13.Nh3 a4 14.Nf2 Qa5 15.h5 b5 16.
Ncd1 Rfc8 17.Qxa5 Rxa5 18.h6 Bh8 19.Bd2 Ra7 20.Nd3 Nxd3+ 21.Bxd3 Ne8 22.
Ne3 Bf6 23.Nc2 Bd8 24.Be3 Rb7 25.Ke2 f6 26.Rac1 g5 27.Nb4 Rxc1 28.Rxc1 Bb6
29.Bd2 Bd4 30.Rc2 Nc7 31.Nc6 Bc5 32.b3 axb3 33.axb3 Bxc6 34.b4 Bd4 35.Rxc6
1/2-1/2

[Event "36th World U20 ch"]
[Site "Zagan POL"]
[Date "1997.07.22"]
[Round "8"]
[White "Bunzmann, Dimitrij"]
[Black "Vajda, Levente"]
[Result "0-1"]
[WhiteElo "2370"]
[BlackElo "2445"]
[EventDate "1997.07.14"]
[PlyCount "88"]

1.Nf3 Nf6 2.d4 g6 3.g3 Bg7 4.Bg2 O-O 5.O-O d6 6.c4 Nbd7 7.Qc2 c6 8.Rd1 Qc7
9.Nc3 e5 10.h3 Re8 11.e4 exd4 12.Nxd4 a5 13.b3 Nc5 14.Bf4 Nfd7 15.Be3 Nb6 
16.Rac1 a4 17.Ndb5 cxb5 18.Nxb5 Qe7 19.Nxd6 axb3 20.axb3 Nbd7 21.Nxe8 Qxe8
22.Rd5 Ne6 23.Qd2 Ne5 24.Rd1 Nc6 25.b4 Nf8 26.b5 Ne5 27.Qb4 Be6 28.R5d4 
Bxh3 29.c5 Bg4 30.Qb3 Bxd1 31.Rxd1 Ne6 32.Rc1 Ra5 33.Rb1 Ng4 34.Qb4 Ra8 
35.e5 Nxe3 36.fxe3 Rb8 37.b6 Bxe5 38.Rc1 Bxg3 39.Qg4 Be5 40.Bd5 Qd7 41.Qe4
Bg7 42.Rf1 Rd8 43.Bc4 Kh8 44.Qg2 f5 0-1

[Event "36th World U20 ch"]
[Site "Zagan POL"]
[Date "1997.07.22"]
[Round "8"]
[White "Florean, Andrei"]
[Black "Bates, Richard"]
[Result "1-0"]
[WhiteElo "2445"]
[BlackElo "2345"]
[EventDate "1997.07.14"]
[PlyCount "127"]

1.e4 c5 2.Nf3 d6 3.d4 cxd4 4.Nxd4 Nf6 5.Nc3 a6 6.Bc4 e6 7.Bb3 Nbd7 8.f4 
Nc5 9.e5 Nfd7 10.exd6 Nf6 11.Be3 Bxd6 12.Qf3 Qc7 13.O-O-O Bd7 14.g4 O-O-O 
15.g5 Ng8 16.Rd2 Ne7 17.Rhd1 h6 18.gxh6 Rxh6 19.Ne4 Nxe4 20.Qxe4 Rf6 21.
Qg2 Bxf4 22.Bxf4 Qxf4 23.Qxg7 Rg6 24.Qh7 Bb5 25.Bxe6+ Kb8 26.Bxf7 Rf6 27.
Bh5 Rxd4 28.Qxe7 Rfd6 29.Qe1 Rh6 30.Qf2 Qxf2 31.Rxf2 Rxd1+ 32.Bxd1 Kc7 33.
Rd2 Bd7 34.b3 Rf6 35.Kb2 Rf1 36.a3 Rf4 37.Kc3 Bc6 38.Kb2 Rh4 39.Kc3 Kb6 
40.Rf2 Kc5 41.Be2 Rh3+ 42.Kd2 Kd4 43.Bg4 Rh7 44.h3 Be4 45.c3+ Ke5 46.Rf8 
Rc7 47.Rc8 Re7 48.Rd8 Kf4 49.c4 Bc6 50.b4 Re4 51.Rf8+ Kg3 52.Rf3+ Kh4 53.
Rc3 Rd4+ 54.Ke3 Re4+ 55.Kd3 Rf4 56.Rc1 Bg2 57.Ke3 Kg3 58.a4 Rf2 59.Kd4 Kf4
60.a5 Rb2 61.Kc5 Ke3 62.Rc3+ Kd2 63.Rg3 Bf1 64.Be6 1-0

[Event "36th World U20 ch"]
[Site "Zagan POL"]
[Date "1997.07.22"]
[Round "8"]
[White "Ibraev, Nurlan"]
[Black "Van den Doel, Erik"]
[Result "0-1"]
[WhiteElo "2320"]
[BlackElo "2440"]
[EventDate "1997.07.14"]
[PlyCount "80"]

1.e4 c5 2.Nf3 d6 3.d4 cxd4 4.Nxd4 Nf6 5.Nc3 a6 6.Bg5 e6 7.Qd3 Nc6 8.O-O-O 
Bd7 9.Be2 Qb6 10.Nxc6 Bxc6 11.f4 Be7 12.Kb1 h6 13.Bxf6 Bxf6 14.Bf3 Rc8 15.
Rhe1 Bxe4 16.Qxd6 Qxd6 17.Rxd6 Bxf3 18.gxf3 Bxc3 19.bxc3 Rxc3 20.f5 O-O 
21.fxe6 fxe6 22.Rexe6 Rcxf3 23.Rb6 Rf1+ 24.Kb2 R1f2 25.Rxb7 Rc8 26.Rg6 
Rfxc2+ 27.Kb1 Rc1+ 28.Kb2 R8c2+ 29.Ka3 Rc7 30.Rb8+ Kh7 31.Rxa6 R1c2 32.h4 
Rh2 33.Rb4 Rc3+ 34.Rb3 Rcc2 35.Kb4 Rxh4+ 36.Kb5 Rf4 37.Ra7 Rf5+ 38.Kb4 
Rf4+ 39.Kb5 Rg2 40.a4 Rg5+ 0-1

[Event "36th World U20 ch"]
[Site "Zagan POL"]
[Date "1997.07.22"]
[Round "8"]
[White "Fontaine, Robert"]
[Black "Li Shilong"]
[Result "0-1"]
[WhiteElo "2395"]
[BlackElo "2335"]
[EventDate "1997.07.14"]
[PlyCount "102"]

1.e4 e5 2.Nf3 Nc6 3.Bb5 a6 4.Ba4 Nf6 5.O-O Be7 6.d3 b5 7.Bb3 d6 8.c3 O-O 
9.Re1 Na5 10.Bc2 c5 11.a4 b4 12.d4 exd4 13.cxd4 c4 14.Qe2 b3 15.Bd1 d5 16.
e5 Ne4 17.Nfd2 f5 18.exf6 Bxf6 19.Nxe4 dxe4 20.Bd2 Bxd4 21.Rf1 Kh8 22.Na3 
Be6 23.Bxa5 Qxa5 24.Nxc4 Rxf2 25.Rxf2 Bxc4 26.Qxe4 Rf8 27.Bf3 Qd2 28.Qe1 
Qxb2 29.Rd1 h6 30.Qd2 Qxd2 31.Rxd2 Be3 32.h3 Rb8 33.Rb2 Rb4 34.Bc6 g5 35.
g3 Kg7 36.Kg2 Bxf2 37.Kxf2 Kf6 38.Ke3 Ke5 39.Be8 Be6 40.g4 Bd5 41.Bd7 Rf4 
42.a5 Rf3+ 43.Kd2 Kd4 44.Bc8 Bc4 45.Bb7 Rxh3 46.Bg2 Rg3 47.Ke1 Kc3 48.Rf2 
Bd3 49.Bf1 Bc2 50.Rxc2+ bxc2 51.Bg2 Rxg4 0-1

[Event "36th World U20 ch"]
[Site "Zagan POL"]
[Date "1997.07.22"]
[Round "8"]
[White "Krakops, Maris"]
[Black "Podkriznik, Gregor"]
[Result "1/2-1/2"]
[WhiteElo "2530"]
[BlackElo "2295"]
[EventDate "1997.07.14"]
[PlyCount "140"]

1.e4 c5 2.Nf3 e6 3.Nc3 d6 4.d4 cxd4 5.Qxd4 Nc6 6.Bb5 Bd7 7.Bxc6 Bxc6 8.Bg5
Nf6 9.O-O-O Be7 10.Qd3 O-O 11.Nd4 a6 12.f4 Qc7 13.h4 Rfd8 14.f5 Bd7 15.Qg3
Kh8 16.Rdf1 Rf8 17.Kb1 b5 18.Qe3 Qc5 19.Qd3 b4 20.Nce2 a5 21.Nf4 Qe5 22.h5
Qxe4 23.Qxe4 Nxe4 24.Bxe7 Nd2+ 25.Kc1 Nxf1 26.h6 Rfe8 27.hxg7+ Kg8 28.Bxd6
Ng3 29.Rd1 Nxf5 30.Nxf5 exf5 31.Nd5 Bc6 32.Ne7+ Rxe7 33.Bxe7 Kxg7 34.Rd3 
Re8 35.Rg3+ Kh6 36.Bg5+ Kh5 37.Bf4 Re4 38.Rg5+ Kh4 39.g3+ Kh3 40.Rxf5 a4 
41.Rxf7 h5 42.Rf5 Be8 43.Kd2 h4 44.gxh4 Kxh4 45.Re5 Rxe5 46.Bxe5 Kg4 47.b3
Kf5 48.Bd6 Ke6 49.Bxb4 Kd5 50.c4+ Kc6 51.Bf8 axb3 52.axb3 Bg6 53.Kc3 Bh5 
54.Bh6 Bg6 55.Kd4 Bh5 56.Be3 Bg6 57.Ke5 Bf7 58.Bf2 Bg8 59.Kd4 Bf7 60.b4 
Be6 61.Bg1 Bf7 62.Kc3 Be6 63.Kd3 Bf7 64.Kd4 Be6 65.Be3 Bf7 66.b5+ Kb7 67.
Kc5 Be6 68.Bf2 Bf7 69.Kb4 Be6 70.c5 Bd7 1/2-1/2

[Event "36th World U20 ch"]
[Site "Zagan POL"]
[Date "1997.07.22"]
[Round "8"]
[White "Carrasco Martinez, Juan Manuel"]
[Black "Bauer, Christian"]
[Result "0-1"]
[WhiteElo "2280"]
[BlackElo "2525"]
[EventDate "1997.07.14"]
[PlyCount "48"]

1.d4 Nf6 2.Nf3 e6 3.c4 b6 4.Bf4 Bb7 5.e3 Bb4+ 6.Nfd2 O-O 7.a3 Be7 8.Nc3 c5
9.dxc5 bxc5 10.Qc2 d6 11.Rd1 Nh5 12.Bg3 f5 13.Qb3 Bc6 14.f3 Bh4 15.Ne2 Nd7
16.Kf2 Rb8 17.Qc2 Ne5 18.Nf4 Nxf4 19.exf4 Ng6 20.Bxh4 Qxh4+ 21.g3 Qf6 22.
b3 e5 23.fxe5 Nxe5 24.Re1 Ng4+ 0-1

[Event "36th World U20 ch"]
[Site "Zagan POL"]
[Date "1997.07.22"]
[Round "8"]
[White "Rezan, Sasa"]
[Black "Kelly, Brian"]
[Result "1/2-1/2"]
[WhiteElo "2250"]
[BlackElo "2390"]
[EventDate "1997.07.14"]
[PlyCount "108"]

1.e4 c5 2.Nf3 e6 3.d4 cxd4 4.Nxd4 Nf6 5.Nc3 d6 6.g4 h6 7.Be3 a6 8.h4 Nc6 
9.Rg1 d5 10.exd5 Nxd5 11.Nxd5 Qxd5 12.Nxc6 bxc6 13.Bg2 Qxd1+ 14.Rxd1 Bd7 
15.Ke2 Rb8 16.Rd2 e5 17.Bf3 Rc8 18.g5 hxg5 19.hxg5 Be6 20.Bg4 Bxg4+ 21.
Rxg4 Be7 22.Ra4 Ra8 23.Ra5 f6 24.Bc5 Rh4 25.Bxe7 Kxe7 26.Rd3 Rb4 27.Rb3 
Rxb3 28.cxb3 Kd6 29.gxf6 gxf6 30.Ke3 Kc7 31.Ra4 Kb6 32.Rh4 Rd8 33.Rh6 Rd6 
34.f3 Kc5 35.Rh2 Rd1 36.Rc2+ Kd5 37.b4 Re1+ 38.Kd2 Rb1 39.a3 f5 40.Rc5+ 
Kd6 41.Rc2 Rh1 42.Ke3 Rh3 43.Rc5 Rh2 44.f4 Rh3+ 45.Ke2 exf4 46.Rxf5 Rb3 
47.Ra5 Ke6 48.Rxa6 Kd5 49.Ra8 Ke4 50.Re8+ Kd4 51.Rd8+ Ke4 52.Re8+ Kd4 53.
Rd8+ Ke4 54.Re8+ Kd4 1/2-1/2

[Event "36th World U20 ch"]
[Site "Zagan POL"]
[Date "1997.07.22"]
[Round "8"]
[White "Blanco Acevedo, Cristobal Jose"]
[Black "Savic, Miodrag"]
[Result "0-1"]
[WhiteElo "2090"]
[BlackElo "2430"]
[EventDate "1997.07.14"]
[PlyCount "129"]

1.e4 c5 2.Nf3 Nc6 3.d4 cxd4 4.Nxd4 e5 5.Nb5 a6 6.Nd6+ Bxd6 7.Qxd6 Qf6 8.
Qc7 Nge7 9.Nc3 Nb4 10.Na4 b5 11.Qc3 Nxc2+ 12.Qxc2 bxa4 13.Bd3 O-O 14.O-O 
Bb7 15.Qxa4 Rfd8 16.Qb4 Rab8 17.f4 Ng6 18.fxe5 Qxe5 19.Rf5 Qe6 20.Qd4 Re8 
21.Bc4 d5 22.Bxd5 Bxd5 23.Qxd5 Qb6+ 24.Kh1 Re6 25.Qd3 Rd8 26.Qf1 Rxe4 27.
b3 Qe6 28.Ba3 h6 29.h3 Rd2 30.Rf2 Rxf2 31.Qxf2 Re2 32.Qg3 Qe4 33.Bd6 Nh4 
34.Rg1 g5 35.Qg4 Qxg4 36.hxg4 Rxa2 37.b4 Rd2 38.Bc5 Re2 39.Ra1 Re6 40.Bd4 
Kh7 41.Rf1 Kg8 42.Rc1 f6 43.Rc7 Rd6 44.Bc5 Rd1+ 45.Bg1 Rb1 46.Rc6 Rxb4 47.
Rxf6 Rxg4 48.Rxa6 Kh7 49.Ra2 Kg6 50.Bc5 Kh5 51.Bd6 Rd4 52.Bb8 Kg4 53.Kh2 
Nf5 54.Re2 h5 55.Ba7 Rc4 56.Bf2 h4 57.Be1 Kh5 58.Re5 Nh6 59.Re8 Rc2 60.Kg1
Nf5 61.Re5 Nd4 62.Kf1 Rc1 63.Kf2 Rc2+ 64.Kf1 Kg6 65.Re4 0-1

[Event "36th World U20 ch"]
[Site "Zagan POL"]
[Date "1997.07.22"]
[Round "8"]
[White "Bircher, Roland"]
[Black "Sarakauskas, Gediminas"]
[Result "1-0"]
[WhiteElo "2185"]
[BlackElo "2295"]
[EventDate "1997.07.14"]
[PlyCount "81"]

1.d4 Nf6 2.Nf3 d6 3.g3 Nbd7 4.Bg2 e5 5.O-O Be7 6.c4 O-O 7.Nc3 Re8 8.Qc2 c6
9.h3 Bf8 10.dxe5 dxe5 11.Rd1 Qc7 12.e4 b5 13.cxb5 cxb5 14.Qe2 b4 15.Nd5 
Qa5 16.Bg5 Nxd5 17.exd5 Bb7 18.Nd2 Nb6 19.Nb3 Qa4 20.Be4 Rac8 21.d6 Bxe4 
22.Qxe4 Rc4 23.Qe2 Qd7 24.Be3 Rc6 25.Nc5 Qf5 26.Qb5 Qf3 27.Nb7 Nd7 28.Rd5 
Rec8 29.Rad1 a6 30.Qxb4 Nf6 31.R5d3 e4 32.Rd4 Nh5 33.Qe1 Rb8 34.d7 Rc2 35.
R1d2 Rxd2 36.Rxd2 Be7 37.d8=Q+ Bxd8 38.Rxd8+ Rxd8 39.Nxd8 f5 40.Ne6 h6 41.
Nd4 1-0

[Event "36th World U20 ch"]
[Site "Zagan POL"]
[Date "1997.07.22"]
[Round "8"]
[White "Tikhonov, Yury"]
[Black "Dantas, Carlos"]
[Result "1-0"]
[WhiteElo "2415"]
[BlackElo "2200"]
[EventDate "1997.07.14"]
[PlyCount "39"]

1.d4 Nf6 2.c4 e5 3.dxe5 Ng4 4.Bf4 Nc6 5.Nf3 Bb4+ 6.Nbd2 Qe7 7.e3 Ngxe5 8.
Nxe5 Nxe5 9.Be2 d6 10.O-O Ng6 11.Qa4+ Kd8 12.Qxb4 Nxf4 13.exf4 Qxe2 14.
Rfe1 Qh5 15.Ne4 a5 16.Qc3 Qg6 17.c5 d5 18.Rad1 Be6 19.c6 bxc6 20.Ng3 1-0

[Event "36th World U20 ch"]
[Site "Zagan POL"]
[Date "1997.07.22"]
[Round "8"]
[White "Moreira Romero, Jairo"]
[Black "Blehm, Pawel"]
[Result "1-0"]
[WhiteElo "2200"]
[BlackElo "2400"]
[EventDate "1997.07.14"]
[PlyCount "117"]

1.g3 g6 2.Bg2 Bg7 3.Nf3 Nf6 4.O-O O-O 5.c4 d6 6.Nc3 a6 7.d4 Nc6 8.e4 Bg4 
9.Be3 Nd7 10.h3 Bxf3 11.Bxf3 e5 12.d5 Nd4 13.Bg2 c5 14.dxc6 bxc6 15.f4 Qb6
16.Na4 Qa7 17.f5 Rfd8 18.h4 Nf6 19.Nc3 Qc5 20.b3 h5 21.Kh1 gxf5 22.Na4 Qa7
23.Rxf5 Qe7 24.Rf1 Ng4 25.Bg1 Rf8 26.Qd3 Rad8 27.Rae1 Rde8 28.Nc3 Qe6 29.
Ne2 c5 30.Nc3 Qg6 31.Nd5 Nh6 32.Bxd4 cxd4 33.Bh3 Kh8 34.Bd7 Re6 35.Rf3 Qg4
36.Kg2 Rg8 37.Ref1 Rd8 38.Bxe6 fxe6 39.Nf6 Qg6 40.Qe2 a5 41.R3f2 Ng4 42.
Nxg4 Qxg4 43.Qxg4 hxg4 44.Rf7 d5 45.c5 Rc8 46.exd5 exd5 47.Rd7 Rxc5 48.
Rff7 d3 49.Kf2 d4 50.Ke1 e4 51.Rxg7 e3 52.Rc7 d2+ 53.Kd1 Rc1+ 54.Rxc1 
dxc1=Q+ 55.Kxc1 Kxg7 56.h5 Kh6 57.a3 Kxh5 58.b4 axb4 59.axb4 1-0

[Event "36th World U20 ch"]
[Site "Zagan POL"]
[Date "1997.07.22"]
[Round "8"]
[White "Petry, Croife"]
[Black "Jirovsky, Petr"]
[Result "0-1"]
[WhiteElo "2195"]
[BlackElo "2395"]
[EventDate "1997.07.14"]
[PlyCount "98"]

1.d4 Nf6 2.Nf3 g6 3.Bg5 Bg7 4.Nbd2 d5 5.e3 c5 6.c3 Qb6 7.Qb3 Nc6 8.Be2 O-O
9.O-O c4 10.Qxb6 axb6 11.e4 Nxe4 12.Nxe4 dxe4 13.Nd2 h6 14.Be3 b5 15.Nxe4 
f5 16.Nc5 b6 17.Bf3 Rf6 18.a4 b4 19.cxb4 bxc5 20.b5 f4 21.Bd2 Bb7 22.bxc6 
Bxc6 23.d5 Bb7 24.Rfe1 Rf5 25.Be4 Rf6 26.a5 g5 27.Rac1 Rd6 28.Rxc4 Bxd5 
29.Bxd5+ Rxd5 30.Rc2 Kf7 31.Kf1 Rd3 32.Ke2 Rb3 33.Rxc5 Rxb2 34.Rec1 Bd4 
35.R1c2 Rb3 36.Rc6 e6 37.Rd6 Be5 38.Rd7+ Kf6 39.Rd3 Rb5 40.Ra2 Ra6 41.Rd7 
Rb3 42.Rd3 Rb1 43.Rc2 g4 44.Rc4 Rb2 45.Rd8 Rxa5 46.Kd3 Ra1 47.Bxf4 Rd1+ 
48.Ke3 Rxd8 49.Bxe5+ Kxe5 0-1

[Event "36th World U20 ch"]
[Site "Zagan POL"]
[Date "1997.07.22"]
[Round "8"]
[White "Zerdo, Mirza"]
[Black "Guthrie, David"]
[Result "1/2-1/2"]
[WhiteElo "2175"]
[BlackElo "2140"]
[EventDate "1997.07.14"]
[PlyCount "56"]

1.d4 Nf6 2.c4 e6 3.Nc3 d5 4.cxd5 exd5 5.Bg5 Be7 6.e3 O-O 7.Bd3 c6 8.Qc2 
Nbd7 9.Nf3 Re8 10.O-O Nf8 11.Bxf6 Bxf6 12.b4 Bg4 13.Nd2 Be7 14.Rab1 Bd6 
15.Rfc1 Re6 16.Nf1 Qh4 17.Bf5 Bxf5 18.Qxf5 Rf6 19.g3 Qxh2+ 20.Nxh2 Rxf5 
21.b5 c5 22.dxc5 Bxc5 23.Rd1 Rd8 24.g4 Re5 25.Nf3 Re6 26.Nxd5 Red6 27.Ne7+
Kh8 28.Rxd6 Bxd6 1/2-1/2

[Event "36th World U20 ch"]
[Site "Zagan POL"]
[Date "1997.07.23"]
[Round "9"]
[White "Baklan, Volodymyr"]
[Black "Antoniewski, Rafal"]
[Result "1-0"]
[WhiteElo "2570"]
[BlackElo "2405"]
[EventDate "1997.07.14"]
[PlyCount "95"]

1.e4 c5 2.Nf3 e6 3.d4 cxd4 4.Nxd4 Nf6 5.Nc3 d6 6.g3 Be7 7.Bg2 a6 8.O-O Qc7
9.Be3 Nc6 10.Nxc6 bxc6 11.Na4 Rb8 12.c4 c5 13.Qe2 O-O 14.Rad1 Nd7 15.f4 
Nb6 16.Nc3 Bf6 17.Qd3 Bb7 18.b3 Rbd8 19.Qc2 Nc8 20.Ne2 Rfe8 21.g4 g6 22.
Ng3 Nb6 23.Qf2 Bg7 24.h4 Nd7 25.g5 f5 26.h5 Ba8 27.Qd2 Nb6 28.h6 Bh8 29.
Qa5 Nd5 30.Qxc7 Nxc7 31.Rf2 fxe4 32.Rfd2 d5 33.Nxe4 d4 34.Nxc5 dxe3 35.
Rxd8 e2 36.Rxe8+ Nxe8 37.Re1 Bd4+ 38.Kh2 Bxg2 39.Nxe6 Bc3 40.Rxe2 Ba8 41.
Nc5 Kf7 42.Nxa6 Ba5 43.b4 Bd8 44.Rd2 Ke7 45.a4 Nd6 46.c5 Ne4 47.Rd3 Bb7 
48.Nb8 1-0

[Event "36th World U20 ch"]
[Site "Zagan POL"]
[Date "1997.07.23"]
[Round "9"]
[White "Vajda, Levente"]
[Black "Kasimdzhanov, Rustam"]
[Result "1/2-1/2"]
[WhiteElo "2445"]
[BlackElo "2545"]
[EventDate "1997.07.14"]
[PlyCount "83"]

1.e4 e6 2.d4 d5 3.Nd2 Nf6 4.e5 Nfd7 5.Bd3 c5 6.c3 Nc6 7.Ne2 cxd4 8.cxd4 f6
9.exf6 Qxf6 10.O-O Bd6 11.Nf3 h6 12.Be3 O-O 13.Bb5 Ndb8 14.Ng3 a6 15.Ba4 
Ne7 16.Ne5 Bxe5 17.dxe5 Qxe5 18.Bc5 Qc7 19.Rc1 Nbc6 20.Qd3 e5 21.Bxe7 Qxe7
22.Bc2 g5 23.Bb3 Kh8 24.Bxd5 Nb4 25.Qb3 Rd8 26.Be4 Be6 27.Qf3 Nd5 28.a3 
Nf4 29.Qc3 Qg7 30.Qa5 Rac8 31.Qb6 Qd7 32.h3 h5 33.Bf3 g4 34.hxg4 Bxg4 35.
Rcd1 Qe7 36.Qh6+ Kg8 37.Bxg4 hxg4 38.Ne4 Rxd1 39.Rxd1 Rc6 40.Nd6 Ne2+ 41.
Kf1 Nd4 42.Qg6+ 1/2-1/2

[Event "36th World U20 ch"]
[Site "Zagan POL"]
[Date "1997.07.23"]
[Round "9"]
[White "Li Shilong"]
[Black "Zhang Zhong"]
[Result "1/2-1/2"]
[WhiteElo "2335"]
[BlackElo "2475"]
[EventDate "1997.07.14"]
[PlyCount "25"]

1.e4 g6 2.d4 Bg7 3.c4 d6 4.Nc3 Nf6 5.f3 O-O 6.Be3 Nc6 7.Nge2 a6 8.Qd2 Rb8 
9.O-O-O b5 10.c5 e6 11.h4 dxc5 12.dxc5 Qxd2+ 13.Rxd2 1/2-1/2

[Event "36th World U20 ch"]
[Site "Zagan POL"]
[Date "1997.07.23"]
[Round "9"]
[White "Avrukh, Boris"]
[Black "Kunte, Abhijit"]
[Result "1/2-1/2"]
[WhiteElo "2550"]
[BlackElo "2430"]
[EventDate "1997.07.14"]
[PlyCount "53"]

1.d4 Nf6 2.c4 e6 3.Nf3 b6 4.e3 Bb7 5.Bd3 d5 6.O-O Bd6 7.Nc3 O-O 8.b3 Nbd7 
9.Bb2 a6 10.Rc1 Qe7 11.Ne2 dxc4 12.Bxc4 Rfd8 13.Ng3 c5 14.Qe2 cxd4 15.Nxd4
Ne5 16.Rfd1 b5 17.Nxe6 bxc4 18.Nxd8 Rxd8 19.bxc4 Qe6 20.c5 Bc7 21.Rxd8+ 
Bxd8 22.Bxe5 Qxe5 23.c6 Bc8 24.h3 h5 25.Nf1 Bc7 26.Qd3 Qg5 27.Qc2 1/2-1/2

[Event "36th World U20 ch"]
[Site "Zagan POL"]
[Date "1997.07.23"]
[Round "9"]
[White "Kacheishvili, Giorgi"]
[Black "Delemarre, Jop"]
[Result "1-0"]
[WhiteElo "2550"]
[BlackElo "2395"]
[EventDate "1997.07.14"]
[PlyCount "80"]

1.e4 c6 2.d4 d5 3.e5 Bf5 4.Nf3 e6 5.Be2 Ne7 6.O-O Bg6 7.Nbd2 Nd7 8.Nb3 a6 
9.c3 Qc7 10.Bf4 c5 11.Nxc5 Nxc5 12.dxc5 Qxc5 13.Nd4 Nc6 14.Be3 Nxd4 15.
Bxd4 Qc6 16.Rc1 Be7 17.c4 O-O 18.Qb3 Rad8 19.Bb6 Rd7 20.cxd5 Qxd5 21.Qa4 
Bg5 22.Rcd1 Qxe5 23.Qxd7 Qxe2 24.Bc5 Ra8 25.Be7 Bxe7 26.Qxe7 h6 27.Qxb7 
Be4 28.Qb4 Qg4 29.f3 Bxf3 30.Qxg4 Bxg4 31.Rd7 Bf5 32.Rfd1 Kf8 33.Rd8+ Rxd8
34.Rxd8+ Ke7 35.Ra8 Bd3 36.Ra7+ Kf6 37.Kf2 e5 38.Ke3 Bf1 39.g4 g6 40.h4 
Ke6 1-0

[Event "36th World U20 ch"]
[Site "Zagan POL"]
[Date "1997.07.23"]
[Round "9"]
[White "Kempinski, Robert"]
[Black "Bagheri, Amir"]
[Result "1-0"]
[WhiteElo "2530"]
[BlackElo "2300"]
[EventDate "1997.07.14"]
[PlyCount "64"]

1.d4 Nf6 2.c4 e6 3.Nf3 b6 4.g3 Ba6 5.b3 Bb4+ 6.Bd2 Be7 7.Bg2 c6 8.Bc3 d5 
9.Ne5 Nfd7 10.Nxd7 Nxd7 11.Nd2 O-O 12.O-O Rc8 13.e4 b5 14.Re1 bxc4 15.bxc4
dxc4 16.Qa4 Bb5 17.Qc2 Re8 18.a4 Ba6 19.Rad1 Qc7 20.Qa2 c5 21.d5 Ne5 22.
dxe6 fxe6 23.Bxe5 Qxe5 24.Nxc4 Bxc4 25.Qxc4 Bf6 26.Rd3 Qb2 27.Bh3 Rc6 28.
Rd7 Bd4 29.Re2 Qa1+ 30.Kg2 a6 31.Rd2 Rb6 32.R2xd4 cxd4 1-0

[Event "36th World U20 ch"]
[Site "Zagan POL"]
[Date "1997.07.23"]
[Round "9"]
[White "Balogh, Tomas"]
[Black "Socko, Bartosz"]
[Result "1/2-1/2"]
[WhiteElo "2390"]
[BlackElo "2435"]
[EventDate "1997.07.14"]
[PlyCount "34"]

1.d4 Nf6 2.c4 g6 3.Nc3 Bg7 4.e4 d6 5.f3 O-O 6.Be3 a6 7.Qd2 Nbd7 8.Bd3 c5 
9.Nge2 cxd4 10.Nxd4 Ne5 11.Be2 Bd7 12.O-O Rc8 13.b3 Re8 14.Rac1 Qa5 15.
Rfd1 Nc6 16.Nxc6 Bxc6 17.Nd5 Qxd2 1/2-1/2

[Event "36th World U20 ch"]
[Site "Zagan POL"]
[Date "1997.07.23"]
[Round "9"]
[White "Myc, Marcin"]
[Black "Krakops, Maris"]
[Result "0-1"]
[WhiteElo "2350"]
[BlackElo "2530"]
[EventDate "1997.07.14"]
[PlyCount "94"]

1.d4 Nf6 2.c4 g6 3.Nc3 Bg7 4.Nf3 d6 5.Bg5 h6 6.Bh4 O-O 7.e3 c5 8.d5 Na6 9.
Be2 Nc7 10.a4 e5 11.Nd2 Qd7 12.e4 Nh7 13.g4 Bf6 14.Bg3 Bg5 15.h4 Bf4 16.
Bxf4 exf4 17.e5 dxe5 18.Nde4 b6 19.g5 Ne8 20.a5 Rb8 21.Qb3 hxg5 22.hxg5 
Qd8 23.O-O-O f3 24.Bd3 Nxg5 25.Rh6 Kg7 26.Rdh1 f5 27.Nxc5 Nf6 28.Bc2 Ng4 
29.R6h4 Nxf2 30.Rf1 Ngh3 31.Rxh3 Nxh3 32.Ne6+ Bxe6 33.dxe6 Ng5 34.Nd5 Nxe6
35.Qxf3 Qg5+ 36.Kb1 Nd4 37.Qc3 Qg2 38.Rc1 Qf2 39.Qa3 Rf7 40.Qd6 Re8 41.Ba4
Re6 42.Qd8 Qg2 43.Nc7 Ree7 44.Nd5 Qe4+ 45.Ka2 Ne2 46.Rd1 Rb7 47.Bb5 bxa5 
0-1

[Event "36th World U20 ch"]
[Site "Zagan POL"]
[Date "1997.07.23"]
[Round "9"]
[White "Vesterbak Pedersen, Nicolai"]
[Black "Stojanovic, Mihajlo"]
[Result "0-1"]
[WhiteElo "2300"]
[BlackElo "2470"]
[EventDate "1997.07.14"]
[PlyCount "48"]

1.e4 c5 2.c3 e6 3.Nf3 Nc6 4.d4 d5 5.exd5 exd5 6.Bb5 Bd6 7.O-O Ne7 8.dxc5 
Bxc5 9.Nbd2 O-O 10.Nb3 Bd6 11.Bg5 Bg4 12.Bh4 Qb6 13.Be2 a5 14.Bxe7 Bxe7 
15.Rb1 Rad8 16.Nfd4 Bc8 17.Nxc6 bxc6 18.Qd4 c5 19.Qa4 Bd7 20.Qxa5 Qe6 21.
Qa6 Bd6 22.Bb5 Ra8 23.Qb7 Bxb5 24.Qxb5 Rfb8 0-1

[Event "36th World U20 ch"]
[Site "Zagan POL"]
[Date "1997.07.23"]
[Round "9"]
[White "Bates, Richard"]
[Black "Szabo, Zsolt Jozsef"]
[Result "1-0"]
[WhiteElo "2345"]
[BlackElo "2435"]
[EventDate "1997.07.14"]
[PlyCount "67"]

1.d4 e6 2.Nf3 f5 3.h3 Nf6 4.g4 d5 5.c4 Bb4+ 6.Bd2 Bxd2+ 7.Nbxd2 O-O 8.e3 
f4 9.Bd3 fxe3 10.fxe3 Nc6 11.g5 Nh5 12.Rg1 Nb4 13.Ne5 Nxd3+ 14.Nxd3 dxc4 
15.Nxc4 Qd5 16.Nce5 Ng3 17.Qg4 Ne4 18.Rf1 Rf5 19.h4 Qa5+ 20.b4 Qd5 21.Rf4 
Nd6 22.Rc1 Qxa2 23.Rxc7 a5 24.b5 Qb1+ 25.Kd2 Qxb5 26.e4 Rxf4 27.Qxf4 b6 
28.Ng4 Ra6 29.Rxg7+ Kh8 30.Nge5 Nc4+ 31.Nxc4 Qxc4 32.Rxh7+ Kxh7 33.g6+ 
Kxg6 34.Ne5+ 1-0